01221cam a2200253 a 450000100090000000300050000900500170001400800410003101000170007202000150008904000180010404200080012205000230013008200170015310000240017024501030019424600350029725000490033226000410038130000320042250504610045465000250091570000270094017344273NUST20221101123729.0120613s2014 maua b 001 0 eng  a 2012021184 a032184890X aDLCcDLCdDLC apcc00aQA303.2b.G66 201400a515, GOL223 aGoldstein, Larry J.00aCalculus & its applications.cLarry J. Goldstein,David C. Lay, David I. Schneider,Nakhle H. Asmar3 aCalculus and its applications. a13th ed. /bLarry J. Goldstein ... [et al.]. aBoston :bPearson Education,cc2014. a570: pages bill. ;c29 cm. aFunctions (Page-1), The Derivative (Page-59), Application of the Derivative (Page-141), Techniques of Differentiation (Page-215), The Exponential and Natural Logarithms Functions (Page-247), Applications of the Exponential and natural Logarithm Function (Page-283), The Definite Integral (Page-321), Functions of Several Variables (Page-381), The Trigonometric Functions (Page-429), Techniques of Integration (Page-459), Differential Equations (Page-503).  0aCalculusvTextbooks.1 aGoldstein, Larry Joel.